Z kytice slovenských pohádek Karla Plicky

Podrobná bibliografia
Hlavný autor: Plicka, Karel, 1894-1987 (Autor)
Médium: Kniha
Jazyk:neznámy jazyk
Fyzický popis:50 s.
Vydavateľské údaje: Praha Panorama 1984

MARC

LEADER 00000nam a2200000 a 4500
001 vtls001370451
003 SK-MaSNL
005 20260301080450.0
008 240318s1984 xx 0 und
035 |a SNK000324226 
040 |a SNK  |b slo  |c SNK  |e AACR2 
100 1 |a Plicka, Karel,  |d 1894-1987  |4 aut  |9 89292 
245 1 0 |a Z kytice slovenských pohádek Karla Plicky 
260 |a Praha  |b Panorama  |c 1984 
300 |a 50 s. 
958 |a OND 
999 |c 653259  |d 655189 
952 |a SNK  |b SNK  |y PREZ  |7 0  |p 17A0811672  |o snkSB 39310  |0 0  |1 0  |4 0  |d 2012-05-28  |l 0  |r 2025-04-24 00:00:00  |w 2026-02-23 
952 |t P60, <05>, [BOOK], {605}  |a SNK  |b SNK  |y PREZ  |7 0  |p 17A0207234  |o snkSB 39310 D1  |0 0  |1 0  |4 0  |d 1999-08-18  |l 0  |r 2005-01-02 00:00:00  |w 2026-02-23